[Event "MDA-ch (Women)"]
[Site "Kishinev"]
[Date "2019.02.05"]
[Round "7"]
[White "Crigan, Galina"]
[Black "Manitcaia, Alina"]
[Result "1-0"]
[WhiteElo "1790"]
[BlackElo "1605"]
[PlyCount "71"]
[EventDate "2019.01.30"]
[EventType "tourn"]
[EventRounds "9"]
[EventCountry "MDA"]
[SourceTitle "CBM 188 Extra"]
[Source "ChessBase"]
[SourceDate "2019.02.26"]
[SourceVersion "1"]
[SourceVersionDate "2019.02.26"]
[SourceQuality "1"]

1. e4 c5 2. Nf3 e6 3. d4 cxd4 4. Nxd4 a6 5. Nc3 Qc7 6. Be2 Bb4 7. Qd3 Nf6 8. Bd2 b6 9. 0-0 Bb7 10. Ndb5 axb5 11. Nxb5 Qc6 12. Bxb4 Na6 13. Nd6+ Ke7 14. Nxb7+ Nxb4 15. Qb3 Nxc2 16. Rac1 Qxb7 17. Rxc2 Ra5 18. Qb4+ d6 19. Rfc1 Nd7 20. Rc7 Qb8 21. Bb5 Rd8 22. e5 Kf8 23. Qxd6+ Kg8 24. Bxd7 Rxa2 25. h3 Ra8 26. Qe7 Ra1 27. Qd6 Ra8 28. Rc8 Qa7 29. Rxd8+ Rxd8 30. Bxe6 Qa8 31. Qxd8+ Qxd8 32. Rc8 Qxc8 33. Bxc8 Kf8 34. f4 Ke7 35. Kf2 Kd8 36. Bb7 1-0

[Event "MDA-ch (Women)"]
[Site "Kishinev"]
[Date "2019.02.03"]
[Round "5"]
[White "Mocanu, Paula"]
[Black "Manitcaia, Alina"]
[Result "0-1"]
[WhiteElo "1640"]
[BlackElo "1605"]
[PlyCount "120"]
[EventDate "2019.01.30"]
[EventType "tourn"]
[EventRounds "9"]
[EventCountry "MDA"]
[SourceTitle "CBM 188 Extra"]
[Source "ChessBase"]
[SourceDate "2019.02.26"]
[SourceVersion "1"]
[SourceVersionDate "2019.02.26"]
[SourceQuality "1"]

1. e4 c5 2. Nf3 e6 3. d4 cxd4 4. Nxd4 a6 5. Bd3 g6 6. 0-0 Bg7 7. Nb3 Nc6 8. c3 Nf6 9. f4 Qb6+ 10. Kh1 d6 11. N1d2 Qc7 12. Nc4 b5 13. Ne3 Bb7 14. Ng4 Nd7 15. f5 Nce5 16. Nxe5 Bxe5 17. fxe6 fxe6 18. Qg4 0-0-0 19. Qxe6 Rde8 20. Qh3 Ref8 21. Be3 Kb8 22. Bh6 Rxf1+ 23. Rxf1 Nf6 24. Qh4 Nh5 25. Nd4 Re8 26. Nf3 Bf6 27. Bg5 Bxg5 28. Nxg5 Qd8 29. Re1 Rf8 30. Nf3 Qxh4 31. Nxh4 Rf2 32. Kg1 Rxb2 33. Re2 Rxe2 34. Bxe2 Bxe4 35. Bxh5 gxh5 36. Nf3 Kc7 37. Kf2 Bb1 38. a3 Kb6 39. Nd2 Bg6 40. Nb3 a5 41. Ke3 Bf7 42. Nd2 Bd5 43. g3 Kc5 44. Kf4 b4 45. cxb4+ axb4 46. axb4+ Kxb4 47. Kg5 Kc3 48. Nf1 Kd3 49. Kf4 Bf7 50. Ne3 d5 51. Nf5 Bg6 52. Ne7 d4 53. Nxg6 hxg6 54. Kg5 Ke4 55. Kxg6 d3 56. Kxh5 d2 57. Kg5 d1Q 58. h4 Qd8+ 59. Kg6 Qg8+ 60. Kf6 Kf3 0-1

[Event "MDA-ch (Women)"]
[Site "Kishinev"]
[Date "2018.02.06"]
[Round "7"]
[White "Golban, Ludmila"]
[Black "Manitcaia, Alina"]
[Result "1-0"]
[WhiteElo "1792"]
[BlackElo "1603"]
[PlyCount "83"]
[EventDate "2018.01.31"]
[EventType "tourn"]
[EventRounds "9"]
[EventCountry "MDA"]
[SourceTitle "CBM 182 Extra"]
[Source "ChessBase"]
[SourceDate "2018.02.23"]
[SourceVersion "1"]
[SourceVersionDate "2018.02.23"]
[SourceQuality "1"]

1. d4 d6 2. Nf3 Nf6 3. Nc3 g6 4. e4 Bg4 5. h3 Bxf3 6. Qxf3 c6 7. Bc4 e5 8. dxe5 dxe5 9. 0-0 Bg7 10. Be3 Nbd7 11. Rad1 Qc7 12. Rd2 0-0 13. Rfd1 Nb6 14. Bf1 Rad8 15. Bg5 Rxd2 16. Rxd2 Rd8 17. Bd3 Qe7 18. Qe3 Qb4 19. Nd1 Qd6 20. f3 Rd7 21. Qf2 h6 22. Be3 Qc7 23. Nc3 Ne8 24. a4 Nd6 25. b3 Nbc8 26. Na2 f5 27. exf5 gxf5 28. Rd1 b6 29. Qh4 f4 30. Bc1 Ne7 31. Qg4 Ndf5 32. Bc4+ Kh8 33. Re1 Qd6 34. Bd3 Qd4+ 35. Kh2 Ng3 36. Bd2 Qd6 37. Bc3 h5 38. Qg5 Bh6 39. Bxe5+ Qxe5 40. Qxe5+ Bg7 41. Qb8+ Ng8 42. Re8 1-0

[Event "EU-ch U16 Girls 26th"]
[Site "Prague"]
[Date "2016.08.25"]
[Round "7"]
[White "Karatiken, Seray"]
[Black "Manitcaia, Alina"]
[Result "1-0"]
[WhiteElo "1489"]
[BlackElo "1496"]
[PlyCount "95"]
[EventDate "2016.08.18"]
[EventType "swiss"]
[EventRounds "9"]
[EventCountry "CZE"]
[SourceTitle "CBM 174 Extra"]
[Source "ChessBase"]
[SourceDate "2016.10.10"]
[SourceVersion "1"]
[SourceVersionDate "2016.10.10"]
[SourceQuality "1"]

1. e4 c5 2. Nf3 d6 3. d4 cxd4 4. Nxd4 Nf6 5. Nc3 g6 6. Be3 Bg7 7. f3 a6 8. a4 Bd7 9. Qd2 Qa5 10. Nb3 Qb4 11. Qd4 Nc6 12. Qxb4 Nxb4 13. Bd3 0-0 14. Kd2 Nxd3 15. cxd3 Rfc8 16. a5 Be6 17. Nd4 Bd7 18. Nde2 Bc6 19. Na4 Bxa4 20. Rxa4 Nd7 21. Rb4 Rc7 22. Rc1 Rac8 23. Rxc7 Rxc7 24. Nc3 e6 25. d4 Nb8 26. d5 Nd7 27. Na4 e5 28. Kd3 Kf8 29. Nb6 Nc5+ 30. Bxc5 dxc5 31. Rc4 Ke7 32. Na4 Kd6 33. Rc3 f5 34. Nb6 Bf6 35. Nc4+ Kd7 36. Rb3 Kc8 37. Rb6 Bd8 38. Re6 Re7 39. Rxe7 Bxe7 40. Nxe5 Bd6 41. f4 g5 42. exf5 gxf4 43. Ke4 Bc7 44. Kxf4 Bxa5 45. f6 Bc7 46. f7 Bd6 47. Kf5 Bf8 48. Ke6 1-0